<?xml version="1.0" encoding="UTF-8"?>
<record
    xmlns:xsi="http://www.w3.org/2001/XMLSchema-instance"
    xsi:schemaLocation="http://www.loc.gov/MARC21/slim http://www.loc.gov/standards/marcxml/schema/MARC21slim.xsd"
    xmlns="http://www.loc.gov/MARC21/slim">

  <leader>12985cam a22018734i 4500</leader>
  <controlfield tag="003">PE-LiUPU</controlfield>
  <controlfield tag="005">20250813165339.0</controlfield>
  <controlfield tag="008">16518 b1977    sp a    rb    001 0 spa d</controlfield>
  <datafield tag="020" ind1=" " ind2=" ">
    <subfield code="a">9788429120332</subfield>
    <subfield code="q">(volumen 3)</subfield>
  </datafield>
  <datafield tag="020" ind1=" " ind2=" ">
    <subfield code="a">8429120300</subfield>
    <subfield code="q">(obra completa)</subfield>
  </datafield>
  <datafield tag="020" ind1=" " ind2=" ">
    <subfield code="a">9788429120318</subfield>
    <subfield code="q">(volumen 1)</subfield>
  </datafield>
  <datafield tag="035" ind1=" " ind2=" ">
    <subfield code="a">(Sirsi) i9788429120332</subfield>
  </datafield>
  <datafield tag="040" ind1=" " ind2=" ">
    <subfield code="a">PE-LiUPU</subfield>
    <subfield code="b">spa</subfield>
    <subfield code="c">PE-LiUPU</subfield>
    <subfield code="e">rda</subfield>
  </datafield>
  <datafield tag="041" ind1="1" ind2=" ">
    <subfield code="a">spa</subfield>
    <subfield code="h">fre</subfield>
  </datafield>
  <datafield tag="049" ind1=" " ind2=" ">
    <subfield code="a">PRUA</subfield>
  </datafield>
  <datafield tag="082" ind1="0" ind2="4">
    <subfield code="a">624.19</subfield>
    <subfield code="2">23</subfield>
    <subfield code="b">G146t</subfield>
  </datafield>
  <datafield tag="100" ind1="1" ind2=" ">
    <subfield code="a">Galabru, Paul,</subfield>
    <subfield code="e">autor.</subfield>
  </datafield>
  <datafield tag="245" ind1="1" ind2="0">
    <subfield code="a">Tratado de procedimientos generales de construcci&#xF3;n /</subfield>
    <subfield code="c">Paul Galabru ; [versi&#xF3;n espa&#xF1;ola por Manuel Vel&#xE1;zquez].</subfield>
  </datafield>
  <datafield tag="250" ind1=" " ind2=" ">
    <subfield code="a">Segunda edici&#xF3;n.</subfield>
  </datafield>
  <datafield tag="264" ind1=" " ind2="1">
    <subfield code="a">Barcelona :</subfield>
    <subfield code="b">Revert&#xE9;,</subfield>
    <subfield code="c">1977.</subfield>
  </datafield>
  <datafield tag="300" ind1=" " ind2=" ">
    <subfield code="a">2 vol&#xFA;menes :</subfield>
    <subfield code="b">ilustraciones ;</subfield>
    <subfield code="c">21 cent&#xED;metros</subfield>
  </datafield>
  <datafield tag="336" ind1=" " ind2=" ">
    <subfield code="a">text</subfield>
    <subfield code="2">rdacontent</subfield>
  </datafield>
  <datafield tag="337" ind1=" " ind2=" ">
    <subfield code="a">unmediated</subfield>
    <subfield code="2">rdamedia</subfield>
  </datafield>
  <datafield tag="338" ind1=" " ind2=" ">
    <subfield code="a">volume</subfield>
    <subfield code="2">rdacarrier</subfield>
  </datafield>
  <datafield tag="504" ind1=" " ind2=" ">
    <subfield code="a">Bibliograf&#xED;a : p&#xE1;ginas 459.</subfield>
  </datafield>
  <datafield tag="504" ind1=" " ind2=" ">
    <subfield code="a">&#xCD;ndice : p&#xE1;ginas 460-468.</subfield>
  </datafield>
  <datafield tag="505" ind1="0" ind2=" ">
    <subfield code="a">[1]. Maquinaria general en obras y movimientos de tierra (473 p.) -- Estudios preparatorios, maquinaria y elementos auxiliares de las obras en general -- Estudios preparatorios -- Estudio del terreno -- Estudio de las condiciones de ejecuci&#xF3;n -- Estudio del proyecto de la obra -- Estudio de los precios -- Sondeo y perforaciones. Generalidades. Sondeo a cielo abierto -- Generalidades -- Sondeos a cielo abierto -- Sondeo por perforaci&#xF3;n y perforaciones -- Perforaciones por percusi&#xF3;n -- Perforaciones por rotaci&#xF3;n -- Perforaciones por rotaci&#xF3;n a profundidades muy grandes -- Incidentes de perforaci&#xF3;n -- Sondeos y perforaciones (final) -- Sondeo en el mar o en los r&#xED;os -- Procedimientos diversos de prospecci&#xF3;n del subsuelo -- Resultados de los sondeos de reconocimiento del terreno -- Precios de sondeos -- Replanteo y estaquillado de las obras -- Producci&#xF3;n de energ&#xED;a en las obras -- trabajo a brazo -- La m&#xE1;quina de vapor -- motores de explosi&#xF3;n y de combusti&#xF3;n interna -- electricidad -- Aire comprimido -- Precio de los diferentes tipos de energ&#xED;a -- El transporte en las obras p&#xFA;blicas. Generalidades. Peque&#xF1;o material de transporte -- Generalidades -- Peque&#xF1;o material de transporte -- Transportes autom&#xF3;viles -- transportes normales -- Transportes especiales en los grandes movimientos de la tierra -- Transporte por v&#xED;a f&#xE9;rrea -- La v&#xED;a -- El material m&#xF3;vil -- el material de tracci&#xF3;n -- esfuerzo de tracci&#xF3;n -- Transportador monocarril -- Planos inclinados y montacarga -- Transportadores de cable o telef&#xE9;ricos -- Transportadores de vaiv&#xE9;n -- transportadores continuos -- transportadores de correa o cintas transportadoras -- Otros tipos de transporte utilizados en obras p&#xFA;blicas -- Transportes por agua -- Transporte hidr&#xE1;ulico de materiles de tuberia -- Bombas por tierra -- transporte por v&#xED;a a&#xE9;rea (aviones) -- Maquinaria de elevaci&#xF3;n. Generalidades. Maquinaria de elevaci&#xF3;n a brazo -- Generalidades -- Maquinaria de elevaci&#xF3;n a brazo -- Maquinaria de elevaci&#xF3;n mec&#xE1;nica -- Cabrestante mec&#xE1;nico -- Gr&#xFA;a -- Gr&#xFA;a p&#xF3;rtico -- Gr&#xFA;a torre -- P&#xF3;rtico rodante (o transportador) -- Tit&#xE1;n -- Blond&#xED;n o cable gr&#xFA;a -- M&#xE1;quinas flotantes de elevaci&#xF3;n -- Gr&#xFA;a flotante -- Gr&#xFA;as derrick flotantes -- Cabria flotante -- colocador de bloques -- Dispositivo gigante para obras acu&#xE1;ticas. Gr&#xFA;a de 250 t sobres isla tr&#xED;pode -- Generalidades sobre la naturaleza y comportamiento de los terrenos -- clasificaci&#xF3;n de los terrenos para el estudio de los movimientos de tierras -- Inclinaci&#xF3;n de los taludes -- Esponjamiento. Asentamiento -- Reglas de ejecuci&#xF3;n de terraplenes. Compactaci&#xF3;n. N&#xFA;cleos -- Terraplenes ordinarios -- Rellenos compactados -- Terraplenes con n&#xFA;cleos -- Rellenos seleccionados -- Casos especiales. Terraplenes en suelos muy org&#xE1;nicos -- Organizaci&#xF3;n de las obras de movimiento de tierras -- Terraplenados en seco -- Obras de movimiento de tierras bajo el agua -- Consolidaci&#xF3;n de tierras -- Degradaciones superficiales de los taludes y plataformas -- Degradaciones profundas en la masa de terraplenes y desmontes -- Medidas a tomar durante la ejecuci&#xF3;n de los movimientos de la tierra -- Muros de contenci&#xF3;n -- Muros de alba&#xF1;iler&#xED;a u hormig&#xF3;n -- Muros de hormig&#xF3;n armado -- Contenci&#xF3;n mediante losas ancladas -- Muros de muelle -- Construcci&#xF3;n de muros de contenci&#xF3;n -- Valoraci&#xF3;n y pago de los movimientos de tierras -- ejecuci&#xF3;n de los movimientos de la tierra en terreno suelto. Movimientos de tierra a mano -- Movimientos de tierra por medios mec&#xE1;nicos. Generalidades -- Diversos tipos de m&#xE1;quina -- Chasis -- Fuerza motriz -- Evacuaci&#xF3;n y transporte de los productos de excavaci&#xF3;n -- Rendimiento de las m&#xE1;quinas de movimiento de tierras -- Palas mec&#xE1;nicas -- Pala excavadora frontal -- retroexcavadora -- Pala niveladora -- Gradall -- Palas de mandos hidr&#xE1;ulicos -- Palas cargadoras -- Gr&#xFA;as con cuchara prensil -- Dragalinas -- Palas con equipo de dragalina -- Dragalinas de cable --  Draga de cable -- Tra&#xED;llas -- Tracci&#xF3;n -- Funcionamiento -- Caracter&#xED;sticas -- Empleo - Rendimiento -- M&#xE1;quinas con varias cubas -- Cargadores -- Bulldozers -- Motoniveladoras - Escaficadores y accesorios -- Motoniveladora -- Escarificadora (rooter y ripper) -- Accesorios diversos de los tractores -- M&#xE1;quinas de los cangilones m&#xFA;ltiples -- excavadora de cangilones -- Zanjadora -- Cargadora de cangilones -- M&#xE1;quinas excepcionales de movimiento tierras -- M&#xE1;quinaria de las grandes obras de movimiento de tierras -- Excavaciones de terreno rocoso -- La perforaci&#xF3;n -- M&#xE1;quinas perforadoras -- Soportes de los martillos -- Barrenas -- Fuerza motriz Martillos perforadores ligeros de aire comprimido -- Compresores -- Caracter&#xED;sticas de las diverss m&#xE1;quinas de perforaci&#xF3;n -- Cebos y explosivos -- Explosivos -- Cebos -- Almacenaje y transporte de esplosivos y cebos -- Utilizaci&#xF3;n de explosivos -- Excavaciones en terreno rocoso mediante explosivos -- Acci&#xF3;n de los explosivos. C&#xE1;lculo de cargas -- Organizaci&#xF3;n de las excavaciones en terreno rocoso -- Evacuaci&#xF3;n de los detritus -- Movimiento de tierras bajo el agua -- Dragado por m&#xE1;quinas terrestres -- Dragado mediante m&#xE1;quinas flotantes -- Naturaleza de los terrenos dragados. Coeficiente de esponjamiento de los materiales -- M&#xE1;quinas de cangil&#xF3;n &#xFA;nico -- Draga a mano -- Draga de cuchara -- Draga de cuchara prensil -- Draga de cangilones -- Dragas de succi&#xF3;n -- Diversos tipos de dragas de succi&#xF3;n -- Propulsi&#xF3;n. Desplazamiento. Fuerza motriz -- Condiciones de trabajo de las dragas de succi&#xF3;n -- Dragas con desagregadores o "cortadores" -- Tuber&#xED;as de transporte -- Rendimiento de las dragas de succi&#xF3;n -- Transporte de los productos de dragado. M&#xE1;quinas distintas de las dragas portadoras -- Barcazas y transportadores de escombros -- Estaciones de bombeo y elevaci&#xF3;n -- Un ejemplo de dragado. Dragados en el San Lorenzo -- Ejecuci&#xF3;n de rellenos con los productos de dragado -- Fraccionamiento de rocas submarinas -- Peso rompedor -- Martillo rompedor -- Disgregaci&#xF3;n de rocas con explosivos -- Resultados obtenidos de las voladuras en el Mosela -- Medici&#xF3;n de los movimientos de tierra ejecutados bajo el agua.</subfield>
  </datafield>
  <datafield tag="505" ind1="0" ind2=" ">
    <subfield code="a">[3]. Cimentaciones y t&#xFA;neles (423 p.) -- Pilotes y tablestacas -- Pilotes. Generalidades -- Pilotes de madera -- Pilotes prefabricados de hormig&#xF3;n -- Pilotes de hormig&#xF3;n moldeados "in situ" -- Pilotes mec&#xE1;nicos -- Tablestacas -- Hinca de pilotes y tablestacas -- Hincas -- Hincas por vibraci&#xF3;n -- Hinca Hidr&#xE1;ulica -- Maquinaria de las obras hinca -- Control de la fuerza portante de los pilotes hincados. Formulas de hinca -- Fuerza portante de los pilotes -- M&#xE9;todo de valoraci&#xF3;n y liquidaci&#xF3;n de pilotes y tablestacas -- Atagu&#xED;as -- Diferentes tipos de atagu&#xED;as -- Atagu&#xED;as de tierra -- Atagu&#xED;as mixtas, tierra y tablestacas -- Atagu&#xED;as de escollera y gaviones -- Atagu&#xED;as de tablestacas -- Atagu&#xED;as de hormig&#xF3;n -- Construcci&#xF3;n de atagu&#xED;as por congelaci&#xF3;n del suelo -- Casos especiales -- Procedimientos diversos para la construcci&#xF3;n de cimentaciones -- Cimentaciones. Generalidades -- Descripci&#xF3;n general de los m&#xE9;todos empleados para la construci&#xF3;n de cimentaciones -- Cimentaciones ejecutadas directamente sobre el terreno s&#xF3;lido por los m&#xE9;todos ordinarios de movimientos de tierras -- Cimentaciones bajo el agua -- Cimentaciones sobre pilotes -- Cimentaciones por extracci&#xF3;n de materiales -- Cimentaciones con aire comprimido. Generaidades -- Diferentes m&#xE9;todos de aplicaci&#xF3;n de las cimentaciones con aire comprimido -- Cimentaciones diversas con aire comprimido -- Trabajo con buzo -- Medidas de seguridad e higiene aplicables en las obras con aire comprimido. Decreto franc&#xE9;s n&#xB0; 59-1083 del 31 de agosto de 1959 -- Cimentaciones sobre losa general -- Cimentaciones sobre hormig&#xF3;n sumergido -- Cimentaciones con congelaci&#xF3;n del suelo -- Cimentaciones con descenso de la capa fre&#xE1;tica -- Cimentaciones con empleo en inyecciones -- Cimentaciones en mal terreno -- T&#xFA;neles -- T&#xFA;neles. Generalidades. Estudios preliminares -- Caracter&#xED;sticas t&#xE9;cnicas de los t&#xFA;neles -- Construcci&#xF3;n de t&#xFA;neles. Generalidades. Clasificaci&#xF3;n de los terrenos -- Perforaci&#xF3;n de t&#xFA;neles en terreno excavable -- Ejecuci&#xF3;n de las excavaciones en t&#xFA;nel -- Perforaci&#xF3;n de galerias en roca. Generalidades. Perforaci&#xF3;n y voladura -- Perforaci&#xF3;n de galerias en roca. Carga y transporte de los escombros -- Empleo de la entibaci&#xF3;n en terrenos rocosos -- Ventilaci&#xF3;n de los t&#xFA;neles durante la perforaci&#xF3;n -- Revestimiento. Generalidades -- Construcci&#xF3;n de los revestimientos -- Perforaci&#xF3;nde t&#xFA;neles en terrenos movedizos o acu&#xED;feros y de t&#xFA;neles subfluviales -- Instalaciones y material para la construcci&#xF3;n de un t&#xFA;nel -- Velcidad de avance en los t&#xFA;neles -- Precio de los t&#xFA;neles -- Levantamiento de los perfiles transversales en t&#xFA;neles -- Construcci&#xF3;n de pozos</subfield>
  </datafield>
  <datafield tag="526" ind1=" " ind2=" ">
    <subfield code="a">P203</subfield>
  </datafield>
  <datafield tag="526" ind1=" " ind2=" ">
    <subfield code="a">P200</subfield>
  </datafield>
  <datafield tag="526" ind1=" " ind2=" ">
    <subfield code="a">SEG65</subfield>
  </datafield>
  <datafield tag="526" ind1=" " ind2=" ">
    <subfield code="a">SEG64</subfield>
  </datafield>
  <datafield tag="526" ind1=" " ind2=" ">
    <subfield code="a">SEG63</subfield>
  </datafield>
  <datafield tag="526" ind1=" " ind2=" ">
    <subfield code="a">SEG62</subfield>
  </datafield>
  <datafield tag="526" ind1=" " ind2=" ">
    <subfield code="a">SEG61</subfield>
  </datafield>
  <datafield tag="526" ind1=" " ind2=" ">
    <subfield code="a">SEG60</subfield>
  </datafield>
  <datafield tag="526" ind1=" " ind2=" ">
    <subfield code="a">SEG59</subfield>
  </datafield>
  <datafield tag="526" ind1=" " ind2=" ">
    <subfield code="a">SEG58</subfield>
  </datafield>
  <datafield tag="526" ind1=" " ind2=" ">
    <subfield code="a">SEG57</subfield>
  </datafield>
  <datafield tag="526" ind1=" " ind2=" ">
    <subfield code="a">SEG56</subfield>
  </datafield>
  <datafield tag="526" ind1=" " ind2=" ">
    <subfield code="a">SEG55</subfield>
  </datafield>
  <datafield tag="526" ind1=" " ind2=" ">
    <subfield code="a">SEG54</subfield>
  </datafield>
  <datafield tag="526" ind1=" " ind2=" ">
    <subfield code="a">SEG53</subfield>
  </datafield>
  <datafield tag="526" ind1=" " ind2=" ">
    <subfield code="a">SEG52</subfield>
  </datafield>
  <datafield tag="526" ind1=" " ind2=" ">
    <subfield code="a">SEG51</subfield>
  </datafield>
  <datafield tag="526" ind1=" " ind2=" ">
    <subfield code="a">SEG50</subfield>
  </datafield>
  <datafield tag="526" ind1=" " ind2=" ">
    <subfield code="a">SEG49</subfield>
  </datafield>
  <datafield tag="526" ind1=" " ind2=" ">
    <subfield code="a">SEG48</subfield>
  </datafield>
  <datafield tag="526" ind1=" " ind2=" ">
    <subfield code="a">SEG47</subfield>
  </datafield>
  <datafield tag="526" ind1=" " ind2=" ">
    <subfield code="a">SEG46</subfield>
  </datafield>
  <datafield tag="526" ind1=" " ind2=" ">
    <subfield code="a">SEG24</subfield>
  </datafield>
  <datafield tag="526" ind1=" " ind2=" ">
    <subfield code="a">SEG23</subfield>
  </datafield>
  <datafield tag="526" ind1=" " ind2=" ">
    <subfield code="a">SEG22</subfield>
  </datafield>
  <datafield tag="526" ind1=" " ind2=" ">
    <subfield code="a">SEG21</subfield>
  </datafield>
  <datafield tag="526" ind1=" " ind2=" ">
    <subfield code="a">SEG20</subfield>
  </datafield>
  <datafield tag="526" ind1=" " ind2=" ">
    <subfield code="a">SEG19</subfield>
  </datafield>
  <datafield tag="526" ind1=" " ind2=" ">
    <subfield code="a">SEG18</subfield>
  </datafield>
  <datafield tag="526" ind1=" " ind2=" ">
    <subfield code="a">SEG17</subfield>
  </datafield>
  <datafield tag="526" ind1=" " ind2=" ">
    <subfield code="a">SEG16</subfield>
  </datafield>
  <datafield tag="526" ind1=" " ind2=" ">
    <subfield code="a">SEG14</subfield>
  </datafield>
  <datafield tag="526" ind1=" " ind2=" ">
    <subfield code="a">SEG13</subfield>
  </datafield>
  <datafield tag="526" ind1=" " ind2=" ">
    <subfield code="a">SEG12</subfield>
  </datafield>
  <datafield tag="526" ind1=" " ind2=" ">
    <subfield code="a">SEG11</subfield>
  </datafield>
  <datafield tag="526" ind1=" " ind2=" ">
    <subfield code="a">SEG10</subfield>
  </datafield>
  <datafield tag="526" ind1=" " ind2=" ">
    <subfield code="a">SEG09</subfield>
  </datafield>
  <datafield tag="526" ind1=" " ind2=" ">
    <subfield code="a">SEG06</subfield>
  </datafield>
  <datafield tag="526" ind1=" " ind2=" ">
    <subfield code="a">SEG05</subfield>
  </datafield>
  <datafield tag="526" ind1=" " ind2=" ">
    <subfield code="a">SEG04</subfield>
  </datafield>
  <datafield tag="526" ind1=" " ind2=" ">
    <subfield code="a">SEG03</subfield>
  </datafield>
  <datafield tag="526" ind1=" " ind2=" ">
    <subfield code="a">SEG02</subfield>
  </datafield>
  <datafield tag="526" ind1=" " ind2=" ">
    <subfield code="a">SEG68</subfield>
  </datafield>
  <datafield tag="526" ind1=" " ind2=" ">
    <subfield code="a">SEG66</subfield>
  </datafield>
  <datafield tag="526" ind1=" " ind2=" ">
    <subfield code="a">SEG45</subfield>
  </datafield>
  <datafield tag="526" ind1=" " ind2=" ">
    <subfield code="a">SEG25</subfield>
  </datafield>
  <datafield tag="526" ind1=" " ind2=" ">
    <subfield code="a">SEG01</subfield>
  </datafield>
  <datafield tag="526" ind1=" " ind2=" ">
    <subfield code="a">P163</subfield>
  </datafield>
  <datafield tag="526" ind1=" " ind2=" ">
    <subfield code="a">P162</subfield>
  </datafield>
  <datafield tag="526" ind1=" " ind2=" ">
    <subfield code="a">P161</subfield>
  </datafield>
  <datafield tag="526" ind1=" " ind2=" ">
    <subfield code="a">P160</subfield>
  </datafield>
  <datafield tag="526" ind1=" " ind2=" ">
    <subfield code="a">P159</subfield>
  </datafield>
  <datafield tag="526" ind1=" " ind2=" ">
    <subfield code="a">P158</subfield>
  </datafield>
  <datafield tag="526" ind1=" " ind2=" ">
    <subfield code="a">P157</subfield>
  </datafield>
  <datafield tag="526" ind1=" " ind2=" ">
    <subfield code="a">P156</subfield>
  </datafield>
  <datafield tag="526" ind1=" " ind2=" ">
    <subfield code="a">P155</subfield>
  </datafield>
  <datafield tag="526" ind1=" " ind2=" ">
    <subfield code="a">P154</subfield>
  </datafield>
  <datafield tag="526" ind1=" " ind2=" ">
    <subfield code="a">P153</subfield>
  </datafield>
  <datafield tag="526" ind1=" " ind2=" ">
    <subfield code="a">P152</subfield>
  </datafield>
  <datafield tag="526" ind1=" " ind2=" ">
    <subfield code="a">P151</subfield>
  </datafield>
  <datafield tag="526" ind1=" " ind2=" ">
    <subfield code="a">P150</subfield>
  </datafield>
  <datafield tag="526" ind1=" " ind2=" ">
    <subfield code="a">P149</subfield>
  </datafield>
  <datafield tag="526" ind1=" " ind2=" ">
    <subfield code="a">P142</subfield>
  </datafield>
  <datafield tag="526" ind1=" " ind2=" ">
    <subfield code="a">P141</subfield>
  </datafield>
  <datafield tag="526" ind1=" " ind2=" ">
    <subfield code="a">P140</subfield>
  </datafield>
  <datafield tag="526" ind1=" " ind2=" ">
    <subfield code="a">P139</subfield>
  </datafield>
  <datafield tag="526" ind1=" " ind2=" ">
    <subfield code="a">P138</subfield>
  </datafield>
  <datafield tag="526" ind1=" " ind2=" ">
    <subfield code="a">P137</subfield>
  </datafield>
  <datafield tag="526" ind1=" " ind2=" ">
    <subfield code="a">P132</subfield>
  </datafield>
  <datafield tag="526" ind1=" " ind2=" ">
    <subfield code="a">P131</subfield>
  </datafield>
  <datafield tag="526" ind1=" " ind2=" ">
    <subfield code="a">P130</subfield>
  </datafield>
  <datafield tag="526" ind1=" " ind2=" ">
    <subfield code="a">P126</subfield>
  </datafield>
  <datafield tag="526" ind1=" " ind2=" ">
    <subfield code="a">P125</subfield>
  </datafield>
  <datafield tag="526" ind1=" " ind2=" ">
    <subfield code="a">P124</subfield>
  </datafield>
  <datafield tag="526" ind1=" " ind2=" ">
    <subfield code="a">P123</subfield>
  </datafield>
  <datafield tag="526" ind1=" " ind2=" ">
    <subfield code="a">P115</subfield>
  </datafield>
  <datafield tag="526" ind1=" " ind2=" ">
    <subfield code="a">P122</subfield>
  </datafield>
  <datafield tag="526" ind1=" " ind2=" ">
    <subfield code="a">P121</subfield>
  </datafield>
  <datafield tag="526" ind1=" " ind2=" ">
    <subfield code="a">P116</subfield>
  </datafield>
  <datafield tag="526" ind1=" " ind2=" ">
    <subfield code="a"> P114</subfield>
  </datafield>
  <datafield tag="526" ind1=" " ind2=" ">
    <subfield code="a">P112</subfield>
  </datafield>
  <datafield tag="526" ind1=" " ind2=" ">
    <subfield code="a">P111</subfield>
  </datafield>
  <datafield tag="526" ind1=" " ind2=" ">
    <subfield code="a">P104</subfield>
  </datafield>
  <datafield tag="526" ind1=" " ind2=" ">
    <subfield code="a">P103</subfield>
  </datafield>
  <datafield tag="526" ind1=" " ind2=" ">
    <subfield code="a">P102</subfield>
  </datafield>
  <datafield tag="526" ind1=" " ind2=" ">
    <subfield code="a">P101</subfield>
  </datafield>
  <datafield tag="526" ind1=" " ind2=" ">
    <subfield code="a">P100</subfield>
  </datafield>
  <datafield tag="526" ind1=" " ind2=" ">
    <subfield code="a">P96</subfield>
  </datafield>
  <datafield tag="526" ind1=" " ind2=" ">
    <subfield code="a">P95</subfield>
  </datafield>
  <datafield tag="526" ind1=" " ind2=" ">
    <subfield code="a">P93</subfield>
  </datafield>
  <datafield tag="526" ind1=" " ind2=" ">
    <subfield code="a">P92</subfield>
  </datafield>
  <datafield tag="526" ind1=" " ind2=" ">
    <subfield code="a">P91</subfield>
  </datafield>
  <datafield tag="526" ind1=" " ind2=" ">
    <subfield code="a">P88</subfield>
  </datafield>
  <datafield tag="526" ind1=" " ind2=" ">
    <subfield code="a">P83</subfield>
  </datafield>
  <datafield tag="526" ind1=" " ind2=" ">
    <subfield code="a">P82</subfield>
  </datafield>
  <datafield tag="526" ind1=" " ind2=" ">
    <subfield code="a">P79</subfield>
  </datafield>
  <datafield tag="526" ind1=" " ind2=" ">
    <subfield code="a">P78</subfield>
  </datafield>
  <datafield tag="526" ind1=" " ind2=" ">
    <subfield code="a">P75</subfield>
  </datafield>
  <datafield tag="526" ind1=" " ind2=" ">
    <subfield code="a">P74</subfield>
  </datafield>
  <datafield tag="526" ind1=" " ind2=" ">
    <subfield code="a">P71</subfield>
  </datafield>
  <datafield tag="526" ind1=" " ind2=" ">
    <subfield code="a">P69</subfield>
  </datafield>
  <datafield tag="526" ind1=" " ind2=" ">
    <subfield code="a"> P51</subfield>
  </datafield>
  <datafield tag="526" ind1=" " ind2=" ">
    <subfield code="a">P49</subfield>
  </datafield>
  <datafield tag="526" ind1=" " ind2=" ">
    <subfield code="a">P48</subfield>
  </datafield>
  <datafield tag="526" ind1=" " ind2=" ">
    <subfield code="a">P47</subfield>
  </datafield>
  <datafield tag="526" ind1=" " ind2=" ">
    <subfield code="a">P33</subfield>
  </datafield>
  <datafield tag="526" ind1=" " ind2=" ">
    <subfield code="a">P31</subfield>
  </datafield>
  <datafield tag="526" ind1=" " ind2=" ">
    <subfield code="a"> P30</subfield>
  </datafield>
  <datafield tag="526" ind1=" " ind2=" ">
    <subfield code="a">P29</subfield>
  </datafield>
  <datafield tag="526" ind1=" " ind2=" ">
    <subfield code="a">P27</subfield>
  </datafield>
  <datafield tag="526" ind1=" " ind2=" ">
    <subfield code="a">P26</subfield>
  </datafield>
  <datafield tag="526" ind1=" " ind2=" ">
    <subfield code="a">P25</subfield>
  </datafield>
  <datafield tag="526" ind1=" " ind2=" ">
    <subfield code="a">P24</subfield>
  </datafield>
  <datafield tag="526" ind1=" " ind2=" ">
    <subfield code="a"> P22</subfield>
  </datafield>
  <datafield tag="526" ind1=" " ind2=" ">
    <subfield code="a">P10</subfield>
  </datafield>
  <datafield tag="526" ind1=" " ind2=" ">
    <subfield code="a">P09</subfield>
  </datafield>
  <datafield tag="526" ind1=" " ind2=" ">
    <subfield code="a"> P08</subfield>
  </datafield>
  <datafield tag="526" ind1=" " ind2=" ">
    <subfield code="a">P06</subfield>
  </datafield>
  <datafield tag="526" ind1=" " ind2=" ">
    <subfield code="a">P05</subfield>
  </datafield>
  <datafield tag="526" ind1=" " ind2=" ">
    <subfield code="a">P04</subfield>
  </datafield>
  <datafield tag="526" ind1=" " ind2=" ">
    <subfield code="a">P01</subfield>
  </datafield>
  <datafield tag="526" ind1="8" ind2=" ">
    <subfield code="i">Programa acad&#xE9;mico :</subfield>
    <subfield code="5">PE-LiUPU</subfield>
  </datafield>
  <datafield tag="534" ind1=" " ind2=" ">
    <subfield code="p">T&#xED;tulo original :</subfield>
    <subfield code="t">Trait&#xE9; de proc&#xE9;d&#xE9;s g&#xE9;n&#xE9;raux de construction.</subfield>
  </datafield>
  <datafield tag="650" ind1=" " ind2="7">
    <subfield code="a">Construcci&#xF3;n</subfield>
    <subfield code="v">Tratados, manuales, etc.</subfield>
  </datafield>
  <datafield tag="650" ind1="0" ind2="4">
    <subfield code="a">Construcci&#xF3;n</subfield>
    <subfield code="x">Gu&#xED;as, manuales, etc.</subfield>
  </datafield>
  <datafield tag="910" ind1=" " ind2=" ">
    <subfield code="a">dbm</subfield>
  </datafield>
  <datafield tag="942" ind1=" " ind2=" ">
    <subfield code="2">ddc</subfield>
    <subfield code="c">BOOK</subfield>
  </datafield>
  <datafield tag="980" ind1=" " ind2=" ">
    <subfield code="8">1</subfield>
    <subfield code="g">ALBERTO SANCHEZ Responsable de Automatizaci&#xF3;n</subfield>
  </datafield>
  <datafield tag="999" ind1=" " ind2=" ">
    <subfield code="c">9379</subfield>
    <subfield code="d">9379</subfield>
  </datafield>
  <datafield tag="952" ind1=" " ind2=" ">
    <subfield code="r">2025-12-03 00:00:00</subfield>
    <subfield code="i">7</subfield>
    <subfield code="l">1</subfield>
    <subfield code="o">624.19 G146t</subfield>
    <subfield code="p">72913</subfield>
    <subfield code="s">2024-08-13</subfield>
    <subfield code="t">e1</subfield>
    <subfield code="v">44.60</subfield>
    <subfield code="w">2016-05-18</subfield>
    <subfield code="x">FIA</subfield>
    <subfield code="y">BK</subfield>
    <subfield code="z">inventario-2023-12-13</subfield>
    <subfield code="1">0</subfield>
    <subfield code="2">ddc</subfield>
    <subfield code="3">v3</subfield>
    <subfield code="5">0</subfield>
    <subfield code="7">0</subfield>
    <subfield code="8">GEN</subfield>
    <subfield code="f">P25</subfield>
    <subfield code="a">BUL</subfield>
    <subfield code="b">BUL</subfield>
    <subfield code="c">GEN</subfield>
    <subfield code="d">2016-05-18</subfield>
    <subfield code="e">COMPRA</subfield>
    <subfield code="g">39.60</subfield>
  </datafield>
  <datafield tag="952" ind1=" " ind2=" ">
    <subfield code="r">2025-12-03 00:00:00</subfield>
    <subfield code="i">4</subfield>
    <subfield code="l">1</subfield>
    <subfield code="o">624.19 G146t</subfield>
    <subfield code="p">72914</subfield>
    <subfield code="s">2025-04-08</subfield>
    <subfield code="t">e2</subfield>
    <subfield code="v">44.60</subfield>
    <subfield code="w">2017-11-21</subfield>
    <subfield code="x">FIA</subfield>
    <subfield code="y">BK</subfield>
    <subfield code="z">inventario-2023-12-13</subfield>
    <subfield code="1">0</subfield>
    <subfield code="2">ddc</subfield>
    <subfield code="3">v3</subfield>
    <subfield code="5">0</subfield>
    <subfield code="7">0</subfield>
    <subfield code="8">GEN</subfield>
    <subfield code="f">P25</subfield>
    <subfield code="a">BUL</subfield>
    <subfield code="b">BUL</subfield>
    <subfield code="c">GEN</subfield>
    <subfield code="d">2017-11-21</subfield>
    <subfield code="e">COMPRA</subfield>
    <subfield code="g">39.60</subfield>
  </datafield>
  <datafield tag="952" ind1=" " ind2=" ">
    <subfield code="r">2025-12-03 00:00:00</subfield>
    <subfield code="i">3</subfield>
    <subfield code="l">0</subfield>
    <subfield code="o">624.19 G146t</subfield>
    <subfield code="p">72915</subfield>
    <subfield code="t">e3</subfield>
    <subfield code="v">44.60</subfield>
    <subfield code="w">2017-11-21</subfield>
    <subfield code="x">FIA</subfield>
    <subfield code="y">BK</subfield>
    <subfield code="z">inventario-2023-12-13</subfield>
    <subfield code="1">0</subfield>
    <subfield code="2">ddc</subfield>
    <subfield code="3">v3</subfield>
    <subfield code="5">0</subfield>
    <subfield code="7">0</subfield>
    <subfield code="8">GEN</subfield>
    <subfield code="f">P25</subfield>
    <subfield code="a">BUL</subfield>
    <subfield code="b">BUL</subfield>
    <subfield code="c">GEN</subfield>
    <subfield code="d">2017-11-21</subfield>
    <subfield code="e">COMPRA</subfield>
    <subfield code="g">39.60</subfield>
  </datafield>
  <datafield tag="952" ind1=" " ind2=" ">
    <subfield code="r">2025-12-03 00:00:00</subfield>
    <subfield code="l">1</subfield>
    <subfield code="o">624.19 G146t</subfield>
    <subfield code="p">81100</subfield>
    <subfield code="s">2022-12-29</subfield>
    <subfield code="t">e4</subfield>
    <subfield code="v">41.04</subfield>
    <subfield code="w">2022-09-13</subfield>
    <subfield code="x">FIA</subfield>
    <subfield code="y">BK</subfield>
    <subfield code="z">inventario-2023-12-13</subfield>
    <subfield code="1">0</subfield>
    <subfield code="2">ddc</subfield>
    <subfield code="3">v3</subfield>
    <subfield code="5">0</subfield>
    <subfield code="7">0</subfield>
    <subfield code="8">GEN</subfield>
    <subfield code="f">P25</subfield>
    <subfield code="a">BUL</subfield>
    <subfield code="b">BUL</subfield>
    <subfield code="c">GEN</subfield>
    <subfield code="d">2022-08-23</subfield>
    <subfield code="e">LIBUN</subfield>
    <subfield code="g">36.04</subfield>
  </datafield>
</record>
